Cartas a Evelina / (Registro nro. 7141)
[ vista simple ]
| 000 -LEADER | |
|---|---|
| fixed length control field | 00908nam a2200289 a 4500 |
| 001 - CONTROL NUMBER | |
| control field | 000035600 |
| 003 - CONTROL NUMBER IDENTIFIER | |
| control field | 000035600 |
| 005 - DATE AND TIME OF LATEST TRANSACTION | |
| control field | 20140721131952.0 |
| 008 - FIXED-LENGTH DATA ELEMENTS--GENERAL INFORMATION | |
| fixed length control field | 090916s2010 dr ac 001 0 spa d |
| 020 ## - INTERNATIONAL STANDARD BOOK NUMBER | |
| International Standard Book Number | 9789945460490 |
| 040 ## - CATALOGING SOURCE | |
| Original cataloging agency | BPMET |
| Language of cataloging | spa |
| Transcribing agency | BPMET |
| 092 ## - LOCALLY ASSIGNED DEWEY CALL NUMBER (OCLC) | |
| Classification number | xxxx |
| Item number | M896, 2010 |
| 100 1# - MAIN ENTRY--PERSONAL NAME | |
| Personal name | Moscoso Puello, F. E., |
| Dates associated with a name | 1885- |
| 245 10 - TITLE STATEMENT | |
| Title | Cartas a Evelina / |
| Statement of responsibility, etc. | Francisco Eugenio Moscoso Puello |
| 250 ## - EDITION STATEMENT | |
| Edition statement | 4a. ed. |
| 260 ## - PUBLICATION, DISTRIBUTION, ETC. (IMPRINT) | |
| Place of publication, distribution, etc. | Santo Domingo : |
| Name of publisher, distributor, etc. | Santuario, |
| Date of publication, distribution, etc. | 2010. |
| 300 ## - PHYSICAL DESCRIPTION | |
| Extent | 207 p. : |
| Other physical details | il. ; |
| Dimensions | 22 cm. |
| 490 ## - SERIES STATEMENT | |
| Series statement | Santuario infantil |
| 830 ## - SERIES ADDED ENTRY--UNIFORM TITLE | |
| Language of a work | Santuario infantil |
| 930 #1 - EQUIVALENCE OR CROSS-REFERENCE-UNIFORM TITLE HEADING [LOCAL, CANADA] | |
| Language of a work | BND01 |
| Medium of performance for music | LF1 |
| Field link and sequence number | 20111105 |
| Date of a work | 01 |
| Name of part/section of a work | HD |
| Miscellaneous information | 32272 |
| 942 ## - ADDED ENTRY ELEMENTS (KOHA) | |
| Source of classification or shelving scheme | Dewey Decimal Classification |
| Koha item type | Libros |
| 956 ## - LOCAL ELECTRONIC LOCATION AND ACCESS (OCLC) | |
| Host name | GREYES |
| Access number | 10 |
| Compression information | 20111105 |
| Logon | BND01 |
| Processor of request | 0937 |
| 956 ## - LOCAL ELECTRONIC LOCATION AND ACCESS (OCLC) | |
| Host name | GREYES |
| Access number | 10 |
| Compression information | 20111105 |
| Logon | BND01 |
| Processor of request | 0937 |
| 956 ## - LOCAL ELECTRONIC LOCATION AND ACCESS (OCLC) | |
| Host name | ARIVERA |
| Access number | 10 |
| Compression information | 20120308 |
| Logon | BND01 |
| Processor of request | 1215 |
| 956 ## - LOCAL ELECTRONIC LOCATION AND ACCESS (OCLC) | |
| Host name | ARIVERA |
| Access number | 10 |
| Compression information | 20120308 |
| Logon | BND01 |
| Processor of request | 1300 |
| 956 ## - LOCAL ELECTRONIC LOCATION AND ACCESS (OCLC) | |
| Host name | ARIVERA |
| Access number | 10 |
| Compression information | 20130930 |
| Logon | BND01 |
| Processor of request | 1256 |
| Withdrawn status | Lost status | Source of classification or shelving scheme | Damaged status | Not for loan | Collection code | Home library | Current library | Date acquired | Total Checkouts | Barcode | Date last seen | Copy number | Price effective from | Koha item type |
|---|---|---|---|---|---|---|---|---|---|---|---|---|---|---|
| Dewey Decimal Classification | Biblioteca Pública Metropolitana Salomé Ureña | Biblioteca Pública Metropolitana Salomé Ureña | 07/14/2014 | BPMET15040551 | 07/14/2014 | 1 | 07/14/2014 | Libros | ||||||
| Dewey Decimal Classification | Biblioteca Pública Metropolitana Salomé Ureña | Biblioteca Pública Metropolitana Salomé Ureña | 07/14/2014 | BPMET15040552 | 07/14/2014 | 2 | 07/14/2014 | Libros |